BIM-Based Collaborative Building Process Management / (Record no. 36623)

MARC details
000 -LEADER
fixed length control field 00486nam a22001697a 4500
005 - DATE AND TIME OF LATEST TRANSACTION
control field 20241010123111.0
008 - FIXED-LENGTH DATA ELEMENTS--GENERAL INFORMATION
fixed length control field 241004b |||||||| |||| 00| 0 eng d
020 ## - INTERNATIONAL STANDARD BOOK NUMBER
ISBN 9783030328887
082 ## - DEWEY DECIMAL CLASSIFICATION NUMBER
Classification number 624
Item number DAN-B
100 ## - MAIN ENTRY--AUTHOR
Author Name Daniotti, Bruno
245 ## - TITLE STATEMENT
Title BIM-Based Collaborative Building Process Management /
Statement of responsibility, etc. Bruno, Daniotti,
260 ## - PUBLICATION, DISTRIBUTION, ETC.
Place of Publication India :
Name of publisher, distributor, etc. springer ;
Date of publication, distribution, etc. 2020 .
300 ## - PHYSICAL DESCRIPTION
Pages 181p. :
500 ## - GENERAL NOTE
General note Include Index.
650 ## - SUBJECT ADDED ENTRY--TOPICAL TERM
Subject / Department Civil / Engineering
300 ## - PHYSICAL DESCRIPTION
-- ill ;
-- 23cm.
952 ## - LOCATION AND ITEM INFORMATION (KOHA)
-- 0
-- 0
Holdings
Lost status Damaged status Collection code Permanent Location Current Location Shelving Location Date acquired Full Call Number Accession No./Barcode Date last seen item type Koha item type
    Engineering Superior Information Resource Center (SIRC) Superior University- Gold Campus Superior Information Resource Center (SIRC) Superior University- Gold Campus Civil 10/04/2024 624 DAN-B 2020 29482 10/04/2024 BOOK BOOK

Powered by Koha